<?xml version="1.0" encoding="UTF-8"?>
<record
    xmlns:xsi="http://www.w3.org/2001/XMLSchema-instance"
    xsi:schemaLocation="http://www.loc.gov/MARC21/slim http://www.loc.gov/standards/marcxml/schema/MARC21slim.xsd"
    xmlns="http://www.loc.gov/MARC21/slim">

  <leader>01472    a2200253   4500</leader>
  <controlfield tag="003">Nust</controlfield>
  <controlfield tag="005">20221215110141.0</controlfield>
  <datafield tag="010" ind1=" " ind2=" ">
    <subfield code="a">   89026081</subfield>
  </datafield>
  <datafield tag="020" ind1=" " ind2=" ">
    <subfield code="a">038750561X (New York)</subfield>
  </datafield>
  <datafield tag="020" ind1=" " ind2=" ">
    <subfield code="a">354050561X (Berlin)</subfield>
  </datafield>
  <datafield tag="040" ind1=" " ind2=" ">
    <subfield code="c">Nust</subfield>
  </datafield>
  <datafield tag="082" ind1="0" ind2="0">
    <subfield code="a">538.3, SAV</subfield>
  </datafield>
  <datafield tag="100" ind1="1" ind2=" ">
    <subfield code="a">Savchenko, M. A.</subfield>
    <subfield code="9">104922</subfield>
  </datafield>
  <datafield tag="245" ind1="1" ind2="0">
    <subfield code="a">Fluctuational superconductivity of magnetic systems /</subfield>
    <subfield code="c">M.A. Savchenko, A.V. Stefanovich ; [translators, Ram S. Wadhwa, Natalie Wadhwa].</subfield>
  </datafield>
  <datafield tag="260" ind1=" " ind2=" ">
    <subfield code="a">Berlin ;</subfield>
    <subfield code="a">New York :</subfield>
    <subfield code="b">Springer-Verlag,</subfield>
    <subfield code="c">c1990.</subfield>
  </datafield>
  <datafield tag="300" ind1=" " ind2=" ">
    <subfield code="a">ix, 258 p. :</subfield>
    <subfield code="b">ill. ;</subfield>
    <subfield code="c">25cm.</subfield>
  </datafield>
  <datafield tag="440" ind1=" " ind2="0">
    <subfield code="a">Research reports in physics</subfield>
    <subfield code="9">104923</subfield>
  </datafield>
  <datafield tag="505" ind1=" " ind2=" ">
    <subfield code="a">Introduction (Page-1), Exchange Enhancement Effect During Phase Transitions Magnetically Crystals (Page-16), Phase Lamination and the Exchange Enhancement Effect (Page-45), Superconducting Phases in Rare-Earth Metal Compounds Phenomenological Theory (Page-75), Theory of High-Temperature Superconducting Phase in Rare Earth Metal Compounds (Page-100), Solutions in the Theory of Superconductivity of Magnetic System (Page-112), Spin Glasses Based on Rare &#x2013;Earth Metal Compounds (Page-133), High Temperature Superconducting Ceramics (Page-169), Theory of High Temperature Superconductivity of Polymer Systems (Page-234).</subfield>
  </datafield>
  <datafield tag="650" ind1=" " ind2="0">
    <subfield code="a">Rare earth metals</subfield>
    <subfield code="x">Magnetic properties.</subfield>
    <subfield code="9">104924</subfield>
  </datafield>
  <datafield tag="650" ind1=" " ind2="0">
    <subfield code="a">Superconducting magnets</subfield>
    <subfield code="x">Fluctuations.</subfield>
    <subfield code="9">104925</subfield>
  </datafield>
  <datafield tag="700" ind1="1" ind2=" ">
    <subfield code="a">Stefanovich, A. V.</subfield>
    <subfield code="9">104926</subfield>
  </datafield>
  <datafield tag="740" ind1="0" ind2=" ">
    <subfield code="a">Superconductivity.</subfield>
  </datafield>
  <datafield tag="942" ind1=" " ind2=" ">
    <subfield code="2">ddc</subfield>
    <subfield code="c">BK</subfield>
  </datafield>
  <datafield tag="999" ind1=" " ind2=" ">
    <subfield code="c">184342</subfield>
    <subfield code="d">184342</subfield>
  </datafield>
  <datafield tag="952" ind1=" " ind2=" ">
    <subfield code="0">0</subfield>
    <subfield code="1">0</subfield>
    <subfield code="2">ddc</subfield>
    <subfield code="4">0</subfield>
    <subfield code="7">0</subfield>
    <subfield code="a">MCS</subfield>
    <subfield code="b">MCS</subfield>
    <subfield code="c">GEN</subfield>
    <subfield code="d">2016-12-12</subfield>
    <subfield code="o">538.3,SAV</subfield>
    <subfield code="p">MCS20857</subfield>
    <subfield code="r">2016-12-08</subfield>
    <subfield code="w">2016-12-12</subfield>
    <subfield code="y">BK</subfield>
    <subfield code="z">Almirah No.16, Shelf No.5</subfield>
  </datafield>
</record>
